000
00309nam a22001337a 4500
020
_a
0521794897
040
_c
NUST
082
_a
511.5
_b
TUT
100
_a
Tutte, W. T.
_9
62356
245
_a
Graph Theory
260
_a
Cambridge:
_b
Cambridge Univ. Press,
_c
2001.
650
_a
Graph Theory
942
_2
ddc
_c
BK
999
_c
611004
_d
611004